[Event "WALTON 40th BAN-ch U20 Open 2022"]
[Site "Dhaka"]
[Date "2022.02.20"]
[Round "6.6"]
[White "Souradip, Datta"]
[Black "Mortuza Mahathir, Islam"]
[Result "0-1"]
[WhiteElo "1198"]
[BlackElo "1877"]
[Annotator "NA"]
[PlyCount "52"]
[EventDate "2022.02.15"]
[EventType "swiss"]
[EventCountry "BAN"]
[SourceTitle "playchess.com"]
[Source "ChessBase"]
[SourceQuality "1"]
[TimeControl "5400+30"]

{[%evp 8,51,26,35,28,-1,0,-33,29,0,0,26,12,-91,32767,-126,-95,-100,-86,32767,32767,-143,-99,32767,-177,-240,-282,-294,-292,-520,-445,-483,-396,-619,-920,-1768,-552,-938,462,32767,32767,32767,32767,-29998,-29999,-29999]} 1. e4 {[%emt 0:00:30]} c5 {[%emt 0:00:08]} 2. Nf3 {[%emt 0:00:18]} e6 {[%emt 0:00:06]} 3. d4 {[%emt 0:00:34]} cxd4 {[%emt 0:00:06]} 4. Nxd4 {[%emt 0:00:44]} Nc6 {[%emt 0:00:07]} 5. Nc3 {[%emt 0:00:41]} Nf6 {[%emt 0:02:34]} 6. Bg5 {[%emt 0:01:37]} Be7 {[%emt 0:01:27]} 7. Nxc6 {[%emt 0:06:37]} bxc6 {[%emt 0:00:05]} 8. e5 {[%emt 0:00:11]} Nd5 {[%emt 0:00:07]} 9. Bxe7 {[%emt 0:00:09]} Qxe7 {[%emt 0:00:04]} 10. Nxd5 {[%emt 0:04:38]} (10. Qd4 $11) 10... exd5 {[%emt 0:01:16]} 11. Qd4 {[%emt 0:14:15]} (11. Qe2 $142) 11... d6 {[%emt 0:02:46]} 12. f4 {[%emt 0:00:19]} O-O {[%emt 0:01:39]} 13. O-O-O {[%emt 0:01:05]} dxe5 {[%emt 0:00:43]} 14. fxe5 {[%emt 0:01:15]} (14. Qxe5 $142 Qxe5 15. fxe5) 14... Re8 {[%emt 0:00:11]} (14... Be6 $142 15. Kb1 Rfb8) 15. Re1 {[%emt 0:00:51]} Be6 {[%emt 0:04:08]} 16. a3 {[%emt 0:07:16]} (16. Qf2 {might work better.}) 16... c5 {[%emt 0:01:35]} 17. Qd2 {[%emt 0:02:25]} Rab8 {[%emt 0:00:32]} 18. c3 $2 {[%emt 0:04:38]} (18. Re3 {might work better.}) 18... Rb6 {[%emt 0:02:13]} 19. Re2 {[%emt 0:01:45]} c4 {[%emt 0:02:07]} 20. Qd4 {[%emt 0:01:29]} Reb8 {[%emt 0:00:45]} 21. g3 {[%emt 0:06:55] [#]} Rb5 {[%emt 1:18:21]} 22. b4 Rxb4 $4 {[%emt 0:00:00]} 23. Rd2 {[%emt 0:43:48]} Rb2 24. Rxb2 {[%emt 0:00:00]} Qxa3 {[%emt 0:00:00]} 25. Qd2 {[%emt 0:00:00]} Qa1+ {[%emt 0:00:00]} 26. Kc2 {[%emt 0:00:00]} Rxb2# {[%emt 0:02:30]} 0-1

[Event "WALTON 40th BAN-ch U20 Open 2022"]
[Site "Dhaka"]
[Date "2022.02.21"]
[Round "7.1"]
[White "Subrota, Biswas"]
[Black "Manon, Reja Neer"]
[Result "1-0"]
[WhiteElo "2202"]
[BlackElo "2209"]
[Annotator "TA"]
[PlyCount "65"]
[EventDate "2022.02.15"]
[EventType "swiss"]
[EventCountry "BAN"]
[SourceTitle "playchess.com"]
[Source "ChessBase"]
[SourceQuality "1"]

{[%evp 19,65,32,86,72,61,70,73,73,113,111,111,114,122,118,107,68,78,0,93,14,17,18,20,0,0,-20,6,21,67,0,172,29,277,268,269,279,264,214,669,468,451,444,510,508,491,460,428,418]} 1. d4 Nf6 2. Nf3 g6 3. c4 Bg7 4. Nc3 d6 5. e4 O-O 6. Be2 e5 7. Be3 Nc6 8. O-O Ng4 9. Bg5 f6 10. Bh4 Qe8 {[#]} ({Black should try} 10... Nh6 $14) 11. c5 $146 {E97: King's Indian: Classical Main Line (6...e5 7 0-0 Nc6): 8 Be3 and 8 d5 Ne7, not 9 Ne1.} ({Predecessor:} 11. d5 Nd8 12. Rc1 h5 13. Nd2 Nh6 14. b4 Nhf7 15. Bg3 f5 16. exf5 Bxf5 17. Nde4 Qe7 18. f3 a5 {0-1 (57) Gunina,V (2427)-Tabatabaei,M (2629) Chess.com INT 2021}) 11... dxc5 12. h3 Nh6 {[%cal Rc5d4]} (12... exd4 $6 13. Nb5) 13. dxe5 {White is better.} (13. dxc5 Be6 $11) 13... fxe5 14. Nd5 Rf7 15. Ng5 {[%mdl 1024] White has strong compensation.} Rd7 16. Qa4 $1 Nf7 17. Bc4 {[%cal Be2c4,Bc4d5,Bd5f7][%mdl 32] White is much more active.} Kh8 $1 18. Nf3 (18. Rad1 $16) 18... h6 (18... g5 $1 $11 {remains equal.} 19. Bg3 (19. Nxg5 Nd6 $11) 19... Nd6) 19. Nf6 (19. Bb5 $1 $16 {[%cal Rb5c6]}) 19... Bxf6 $11 20. Bxf6+ Kh7 21. Qa3 b6 22. Bd5 {This bishop pair is nice.} Bb7 (22... Rd6 $5 {[%cal Rd6f6]} 23. Bh4 Be6 24. Bxc6 Rxc6 $15) 23. Nh2 $36 {[%mdl 2048] White has good play.} Rd6 {[#]} (23... Rxd5 $11 24. exd5 Nb4) 24. Bh4 (24. Ng4 h5 25. f4 (25. Qb3 $2 Nd4 $19) 25... hxg4 $17) (24. f4 $1 $14) 24... Kg7 $2 (24... g5 $11 {and Black stays safe.} 25. Bg3 Nh8) 25. Ng4 ({Only move:} 25. f4 $18 {Black must now prevent Bxf7.} Rxd5 26. exd5) 25... Bc8 $2 {[#] This costs Black the game.} (25... g5 $11 {and Black is okay.} 26. Bg3 Bc8) 26. f4 $1 $18 {Hoping for Bxf7.} Bxg4 27. Bxf7 (27. hxg4 exf4 28. Rxf4 Nfe5 $14) 27... Qd7 {Strongly threatening ...Rd3.} 28. hxg4 ({Less strong is} 28. Bd5 Be6 $16) 28... Qxg4 $2 {[#]} (28... Qxf7 $2 29. fxe5 Qe6 30. exd6 $18) (28... exf4 29. Bd5 (29. Rxf4 g5 $16) 29... Rf8) 29. Qg3 $1 {White is clearly winning.} Qxg3 30. Bxg3 Rd3 31. Bd5 Rxg3 32. Bxc6 Rd8 33. fxe5 {Weighted Error Value: White=0.31/Black=0.63} 1-0

[Event "WALTON 40th BAN-ch U20 Open 2022"]
[Site "Dhaka"]
[Date "2022.02.21"]
[Round "7.2"]
[White "Zia, Tahsin Tajwar"]
[Black "Dibya, Das Gupta"]
[Result "1-0"]
[WhiteElo "2283"]
[BlackElo "1923"]
[Annotator "TA"]
[PlyCount "105"]
[EventDate "2022.02.15"]
[EventType "swiss"]
[EventCountry "BAN"]
[SourceTitle "playchess.com"]
[Source "ChessBase"]
[SourceQuality "1"]

{[%evp 11,105,0,0,0,0,0,17,-41,0,-12,7,0,88,85,60,60,60,25,31,26,90,51,94,16,86,72,142,102,92,91,97,74,85,95,97,100,108,115,109,108,104,109,145,97,243,232,239,240,229,240,238,237,235,228,243,222,230,226,343,329,394,394,379,266,343,334,324,320,310,195,325,283,397,380,405,396,421,414,562,559,1065,1116,681,920,639,693,850,834,29988,2119,29989,29990,29992,29993,29993,29990]} 1. d4 d5 2. c4 e6 3. Nf3 Nf6 4. g3 Bb4+ 5. Bd2 Be7 6. Bg2 O-O 7. Qc2 {E11: Bogo-Indian.} c6 {7...Nbd7 might become the main line.} 8. Nc3 Nbd7 9. h4 (9. b3 $11) 9... b6 (9... dxc4 $15 {was preferrable.} 10. O-O b6) 10. Ng5 Bb7 11. e4 {aiming for e5.} dxe4 (11... c5 $1 $11 12. e5 cxd4 13. exf6 Nxf6) 12. Ncxe4 $16 Re8 (12... h6 $6 13. O-O-O $11) 13. O-O-O h6 14. Nc3 {[%cal Og3g4] [#]} Nf8 $146 (14... hxg5 15. hxg5 g6 16. gxf6 Nxf6 17. Bf4 $18) ({Predecessor:} 14... Qc8 15. Be3 Bb4 16. Nge4 Be7 17. Bf4 Nxe4 18. Nxe4 Nf6 19. Nc3 Rd8 20. g4 Nxg4 {1-0 (33) Zia,T (2283)-Shawket Bin,O (2065) Dhaka 2022}) 15. Nge4 b5 (15... Qxd4 $11 {remains equal.} 16. Be3 (16. Bxh6 Qxc4 17. Bg5 Nxe4 $15) 16... Qe5) 16. Be3 {[%cal Oc3b5]} Ng4 {[#]} (16... Nxe4 $14 17. Nxe4 Qa5) 17. c5 ({Reject} 17. cxb5 $6 cxb5 18. Nf6+ Nxf6 $11) (17. Nc5 $1 $16 {[%cal Rc5b7]} Nxe3 18. fxe3) 17... a5 (17... b4 $11 18. Ne2 a5) 18. Bf4 a4 (18... b4 $142) 19. f3 Nf6 {[#]} 20. Nxf6+ $1 Bxf6 21. Ne4 a3 22. b3 Bxd4 {[#]} 23. Be5 $1 {[%mdl 64] Pin} Bb2+ 24. Bxb2 axb2+ {[%mdl 64] Discovered Attack} 25. Qxb2 Qa5 26. Kb1 Ra7 27. f4 ({White should play} 27. b4 Qa3 28. Rd2) 27... Ng6 {Loses the game.} (27... Rea8 $16) 28. Nd6 $18 Rd8 29. Nxb7 Rxb7 30. Bxc6 Rbb8 31. Be4 Ne7 32. b4 Qc7 33. Qe5 Qa7 34. Kb2 $40 {[%mdl 128] To avoid Qa3+. White attacks with force.} Qa4 {[#]} (34... Nd5 {might work better.}) 35. a3 $1 {[%mdl 512]} Nd5 (35... Qa7 36. Rhe1) 36. Bxd5 {The board is on fire.} exd5 37. Rhe1 Ra8 38. Rd3 {Active counter play!} Qa6 39. h5 Qc6 40. Red1 {[%cal Rd3d5,Be1d1,Bd1d2,Bd2e2,Be2e7][%mdl 32]} Qa6 (40... d4 {was worth a try.} 41. Qe2 (41. Rxd4 Rxd4 42. Qxd4 Qg2+ 43. Rd2 Qxg3 $16) 41... Rd5) 41. R1d2 Ra7 (41... d4 $142 42. Rf2 Kh8) 42. g4 Kf8 43. Re2 Qc6 44. g5 {Strongly threatening gxh6.} Rad7 45. Rde3 {[%cal Oe5e8] White threatens Qe8+! and mate.} Kg8 46. Qf5 {Intending Re8+ and mate.} Ra7 47. Re7 Rxe7 48. Rxe7 {KQR-KQR} Rf8 49. Qd7 Qa8 50. c6 (50. g6 $142 d4 51. c6 Rd8 52. gxf7+ Kf8 53. Qe6 Qxc6 54. Qxc6 Kxe7 55. Qc7+ Rd7 56. f8=Q+ Kxf8 57. Qxd7) 50... d4 51. g6 {[%cal Bg5g6,Bg6f7][%mdl 32] White mates.} Qb8 52. Rxf7 Rxf7 53. gxf7+ {Weighted Error Value: White=0.16 (very precise) /Black=0.66} 1-0

[Event "WALTON 40th BAN-ch U20 Open 2022"]
[Site "Dhaka"]
[Date "2022.02.21"]
[Round "7.3"]
[White "Swarnavo Choudhury"]
[Black "Noshin, Anjum"]
[Result "1/2-1/2"]
[WhiteElo "1945"]
[BlackElo "2017"]
[Annotator "TA"]
[PlyCount "133"]
[EventDate "2022.02.15"]
[EventType "swiss"]
[EventCountry "BAN"]
[SourceTitle "playchess.com"]
[Source "ChessBase"]
[SourceQuality "1"]

{[%evp 16,132,56,12,12,12,9,6,10,12,7,0,0,0,18,11,22,27,39,36,38,42,40,43,77,0,45,42,68,71,154,144,151,0,29,38,47,44,75,75,75,85,76,72,75,79,92,112,97,46,46,43,208,174,163,50,87,29,36,33,22,41,36,28,147,8,164,150,255,247,330,344,496,496,383,372,806,709,779,775,775,760,712,685,736,700,1297,949,762,295,5065,4971,5020,3039,1981,1801,1274,266,295,295,295,295,295,228,228,131,228,131,131,131,131,131,131,131,131,131,131,131,310]} 1. e4 e5 2. Nf3 Nc6 3. Bb5 {[%cal Bf1b5,Bb5a4,Ba4b3][%mdl 32]} a6 4. Ba4 Nf6 5. O-O b5 6. Bb3 Bc5 7. c3 d6 8. d4 Bb6 9. Be3 (9. a4 $14) 9... O-O $11 {C78: Ruy Lopez: Archangelsk and Möller Defences.} 10. Nbd2 Re8 {[#]} 11. Ng5 $146 ({Predecessor:} 11. a4 Rb8 12. axb5 axb5 13. Qe2 Bd7 14. dxe5 Nxe5 15. Nxe5 dxe5 16. Bxb6 Rxb6 17. Qe3 {½-½ (65) Vachier Lagrave,M (2763)-Aronian,L (2782) chess24.com INT 2021}) 11... Re7 {[%cal Re5d4] The position is equal.} 12. dxe5 dxe5 13. Bxb6 cxb6 14. Qe2 Bg4 15. Ngf3 Nh5 16. Rfd1 Rd7 17. Nf1 Nf4 18. Qe3 Rxd1 19. Rxd1 Qf6 20. Ng3 (20. h4 $1 $16) 20... Ne7 (20... g6 $11 {is superior.}) 21. Rd2 {[%cal Og3f5]} h5 22. Nf5 Re8 ({Better is} 22... Nxf5 23. exf5 Bxf5) 23. Nd6 $16 Rf8 {[%cal Of4g2]} 24. Nf5 $2 ({White should try} 24. Nxf7 $1 $16 Rxf7 25. Nxe5 $1 Qxe5 26. Rd8+ Kh7 27. Bxf7) 24... Nxf5 25. exf5 Bxf3 26. Qxf3 {Hoping for g3.} Qxf5 {[#]} 27. g3 $1 Nh3+ 28. Kg2 {[%cal Bg1g2,Bg2f3,Bf3e3][%mdl 32]} Qxf3+ 29. Kxf3 {[%mdl 4096] Endgame KRB-KRN} Kh7 30. Rd6 {[%mdl 1024] White has strong compensation.} Rb8 31. Ke3 f6 32. Rd7 (32. Bd5 $16) 32... Kh6 $14 33. Bd5 Ng5 $2 (33... f5 $14) 34. h4 $18 Nh7 {[#]} 35. Ra7 (35. Rb7 $1 $18 {[%cal Rb7b8]} Rxb7 36. Bxb7) 35... a5 36. Bc6 {White is more active.} (36. Rd7 $16) 36... b4 $11 37. cxb4 axb4 38. Ra4 Rc8 39. Be4 Rc4 (39... b3 $1 $11 {keeps the balance.}) 40. a3 (40. Ra6 $16) 40... Rd4 $2 (40... g6 $1 $11 {and Black stays safe.}) 41. Rxb4 $18 Rd6 (41... Rxb4 $16 42. axb4 Nf8) 42. Rc4 g6 43. Rc6 Rxc6 (43... Rd1 {might work better.} 44. Rxb6 Kg7) 44. Bxc6 {KB-KN} Nf8 45. Bd5 f5 $2 (45... g5 46. hxg5+ fxg5) 46. b4 Nd7 47. a4 Kg7 48. Kd3 Kf6 49. a5 {And now a6 would win.} bxa5 50. bxa5 f4 51. Bc6 Nb8 52. Bb7 g5 (52... fxg3 53. fxg3 Kf5) 53. Ke4 {Strongly threatening hxg5+.} fxg3 54. fxg3 {Intending hxg5+ and mate.} gxh4 55. gxh4 Ke6 56. a6 $2 (56. Bd5+ Kf6 57. Bc4) 56... Nxa6 57. Bxa6 {KB-KPP} Kf6 58. Bc4 Kg7 59. Kf5 Kh6 60. Bd3 (60. Bb5 $18 Kh7 61. Kxe5) 60... e4 (60... Kg7 $16) 61. Bxe4 {KB-KP} Kg7 62. Kg5 {Black must now prevent Bh1.} Kh8 63. Bf5 Kg7 64. Bg6 Kh8 65. Kh6 Kg8 66. Bf5 Kh8 67. Bh7 {Weighted Error Value: White=0.43/Black=0.42} 1/2-1/2

[Event "WALTON 40th BAN-ch U20 Open 2022"]
[Site "Dhaka"]
[Date "2022.02.21"]
[Round "7.4"]
[White "Mortuza Mahathir, Islam"]
[Black "Md, Azmaeen Parvez Sayor"]
[Result "1/2-1/2"]
[WhiteElo "1877"]
[BlackElo "1920"]
[Annotator "TA"]
[PlyCount "105"]
[EventDate "2022.02.15"]
[EventType "swiss"]
[EventCountry "BAN"]
[SourceTitle "playchess.com"]
[Source "ChessBase"]
[SourceQuality "1"]

{[%evp 11,105,-4,0,-35,9,-6,16,7,62,0,64,-16,69,-20,56,-45,67,-17,-17,-8,-25,-19,-7,-10,45,52,46,18,22,10,22,0,0,-28,0,-83,-63,-93,5,-26,20,4,65,-8,-15,-23,-23,-18,-16,-23,-23,-22,-22,-98,-20,-28,-20,-35,-13,-97,0,0,0,0,0,-62,-62,-69,-54,-100,-112,-487,-78,-78,-83,-83,0,0,0,0,0,0,0,0,0,0,0,0,0,0,0,0,0,0,0,0]} 1. d4 Nf6 2. Bg5 e6 3. e4 h6 4. Bxf6 Qxf6 5. Nf3 d6 6. Nc3 a6 7. a4 {A46: 1 d4 Nf6 2 Nf3 e6: Torre, London and Colle Systems.} Nd7 (7... Nc6 $15 {might be stronger.}) 8. Bc4 Qd8 9. Qe2 c5 {[#]} (9... c6 $11) 10. a5 $146 (10. d5 $1 $14) ({Predecessor:} 10. O-O-O Be7 11. g4 Qa5 12. h4 cxd4 13. Nxd4 Nc5 14. Nb3 Nxb3+ 15. Bxb3 Qe5 16. Kb1 {0-1 (34) Truskavetsky,A (2385)-Ajrapetian,G (2390) Elets 2009}) 10... Be7 (10... cxd4 $11 11. Nxd4 Nf6) 11. O-O (11. d5 $14) 11... O-O (11... cxd4 $11 12. Nxd4 Ne5) 12. Rfd1 (12. d5 $14) 12... Qc7 (12... cxd4 $11 13. Nxd4 (13. Rxd4 Nb8 $15) 13... Ne5) 13. h3 (13. d5 $14 e5 14. Nd2) 13... Nb8 (13... cxd4 $15 14. Nxd4 Ne5) 14. e5 {White is more active.} (14. d5 $14) 14... cxd4 $1 $11 15. exd6 Bxd6 16. Nxd4 Bb4 17. Ne4 e5 (17... Rd8 $11) 18. Nb3 Bf5 19. c3 (19. Bd5 $5 {[%cal Re2f3]}) 19... Be7 20. Nbd2 Nd7 21. b4 Kh8 22. Rac1 Bg6 23. Ng3 (23. Nf3 $1 $11 {was the only way to keep the balance.}) 23... Bg5 $17 {[%cal Oe5e4]} 24. Nge4 Be7 {A strong pair of Bishops.} (24... Bxe4 $17 25. Qxe4 f5) 25. Ng3 f5 (25... e4 $142) 26. Be6 $11 Rad8 (26... e4 $1 $11) 27. Nc4 ({Better is} 27. Qc4 $1 $14 Qb8 28. Ndf1) 27... e4 28. Rxd7 Rxd7 29. Bxd7 Qxd7 30. Ne5 {[%csl LRd7,LRg6]} Qe6 31. Nxg6+ Qxg6 32. Qc4 (32. Rd1 $11 {keeps the balance.}) 32... Bh4 ({Black should try} 32... e3 $1 $17 {Strongly threatening ...f4.} 33. Ne2 exf2+ 34. Kxf2 f4) 33. Qc5 Rf7 34. Qe5 Kh7 {[%cal Oe4e3]} 35. Ne2 (35. Rd1 $11 {remains equal.}) 35... Re7 (35... f4 $1 $17 {[%cal Rf4f3] White must now prevent ...f3.} 36. Rd1 (36. Nxf4 $2 Rxf4 37. Qxf4 Bg5 $19) 36... f3) 36. Qd5 Bg5 37. Rd1 f4 38. h4 ({White should play} 38. Kf1 $1 $11) 38... Bxh4 $15 ({Don't take} 38... f3 39. hxg5 fxe2 40. Re1 $14) 39. Nxf4 Qg4 40. Qd6 (40. g3 $15) 40... Rf7 $1 $17 41. g3 {[%mdl 8192]} (41. Nh3 $17) 41... Rxf4 $2 42. Qxf4 Qxd1+ 43. Kh2 {[#]} Bf6 (43... Bxg3+ $1 $17 44. Kxg3 Qd5) 44. Qxe4+ $11 {The position is equal.} Kg8 {Hoping for ...Qh5+.} 45. Qe8+ Kh7 46. Qe4+ Kh8 {Threatens to win with ...Qh5+.} 47. Qe8+ Kh7 48. Qe4+ Kg8 49. Qe8+ Kh7 50. Qe4+ Kg8 {And now ...Qh5+ would win.} 51. Qe8+ Kh7 52. Qe4+ Kh8 {aiming for ...Qh5+.} 53. Qe8+ {Weighted Error Value: White=0.49/Black=0.45} 1/2-1/2

[Event "WALTON 40th BAN-ch U20 Open 2022"]
[Site "Dhaka"]
[Date "2022.02.21"]
[Round "7.5"]
[White "Siam, Chowdhury"]
[Black "Sakline Mostafa, Sajid"]
[Result "0-1"]
[WhiteElo "1421"]
[BlackElo "2089"]
[Annotator "TA"]
[PlyCount "43"]
[EventDate "2022.02.15"]
[EventType "swiss"]
[EventCountry "BAN"]
[SourceTitle "playchess.com"]
[Source "ChessBase"]
[SourceQuality "1"]

{[%evp 14,43,-28,-23,0,13,0,0,32,9,44,29,208,74,92,91,110,-124,-150,-135,-144,-140,-125,-140,-143,-267,-269,-265,-269,-652,-649,-781]} 1. e4 c5 2. Nc3 e6 3. g3 d5 4. exd5 exd5 5. Bg2 Nf6 6. d4 cxd4 7. Qxd4 Nc6 8. Qd1 Bc5 {...0-0 is the strong threat. B23: Closed Sicilian: Lines without g3.} 9. Nge2 O-O {And now ...d4 would win.} 10. O-O $1 Bg4 {The position is equal.} (10... d4 $5 {[%cal Rd4c3]} 11. Na4 Qa5 12. Nxc5 Qxc5 $11) 11. h3 Bf5 12. Bg5 {[%cal Rc3d5] [#]} Nb4 $146 {[#]} (12... h6 $11 {and Black stays safe.} 13. Bxf6 Qxf6) ({Predecessor:} 12... h6 13. Bxf6 Qxf6 14. Qxd5 Bb6 15. Ne4 Bxe4 16. Bxe4 Rfe8 17. Nc3 Re5 18. Qc4 Na5 19. Qe2 Rae8 {½-½ (57) Morrison,C-Carleton,J (2280) Ayr 1978}) 13. Rc1 (13. a3 $1 $18 {[%cal Ra3b4] is more deadly.} Nxc2 14. Rc1) 13... Be6 14. a3 Nc6 {[%cal Bb4c6,Bc6e5,Be5g4,Bg4e3][%mdl 32]} 15. Kh2 $2 {[#]} (15. b4 $16 Be7 16. Re1) 15... Ng4+ $1 $17 {[%mdl 512]} 16. hxg4 Qxg5 17. Nf4 {[#]} Ne5 $1 $36 {[%mdl 2048] Black is really pushing.} ({Worse is} 17... Bxg4 18. Qxd5 Qh6+ 19. Kg1 $17) 18. Bf3 Bxg4 {Black is more active.} 19. Bxg4 (19. Be2 $17) 19... Nxg4+ $19 20. Kg2 Bxf2 21. Rxf2 (21. Qf3 Be3 22. Rce1) 21... Ne3+ 22. Kg1 {Weighted Error Value: White=0.71/Black=0.39} 0-1

[Event "WALTON 40th BAN-ch U20 Open 2022"]
[Site "Dhaka"]
[Date "2022.02.21"]
[Round "7.6"]
[White "Mohammed, Sagar Ullah"]
[Black "Anower, Hossain"]
[Result "1-0"]
[WhiteElo "1924"]
[BlackElo "1634"]
[Annotator "TA"]
[PlyCount "71"]
[EventDate "2022.02.15"]
[EventType "swiss"]
[EventCountry "BAN"]
[SourceTitle "playchess.com"]
[Source "ChessBase"]
[SourceQuality "1"]

{[%evp 10,71,20,20,22,16,43,15,36,9,29,31,24,37,45,20,77,18,66,0,45,52,52,12,18,-32,-39,-34,-28,-38,-27,-30,-35,-26,-41,-38,93,84,92,106,127,123,916,367,427,419,502,310,331,325,386,361,599,513,5110,5110,1728,1677,29990,29991,29991,29992,29993,1617]} 1. e4 c5 2. Nf3 e6 3. c3 d5 4. exd5 exd5 5. d4 Nf6 6. Bd3 cxd4 {B22: Sicilian: 2 c3.} 7. Nxd4 Be7 8. O-O O-O {The position is equal.} 9. Bf4 a6 10. Nd2 {[%cal Bb1d2,Bd2f3,Bf3e5][%mdl 32]} Nc6 11. N2f3 Bg4 {[#]} 12. Qc2 $146 ({Predecessor:} 12. Qb3 Na5 13. Qc2 Rc8 14. Ne5 Be6 15. Rfe1 Bc5 16. Nxe6 fxe6 17. Qe2 Nc6 18. Rad1 {1-0 (62) Sierra Cartaya,A (2030)-Santos Peraza,E (1606) Santa Clara 2019}) 12... Rc8 (12... Bd6 $11 13. Bg5 h6) 13. a3 {White is much more active.} (13. Nxc6 $1 $16 bxc6 14. Bxa6) 13... Bc5 (13... Bd6 $11 14. Bg5 Nxd4 15. Nxd4 h6) 14. Qb3 ({Better is} 14. Nxc6 $1 $14 bxc6 15. Ne5 (15. Bxa6 Bxf3 16. gxf3 Ra8 $11)) 14... b5 (14... Na5 $11 {deserves consideration.} 15. Qc2 Nc4) 15. Nxc6 $14 Rxc6 16. Ne5 Re6 {[%cal Of6h5]} 17. h3 {[#]} (17. Qc2 $11 Bh5 18. Bf5) 17... Nh5 $1 18. Bh2 {[#]} Bxh3 19. gxh3 {[#] aiming for Rae1.} Rxe5 {[%mdl 64] Decoy} 20. Bxe5 (20. Bxh7+ $2 Kxh7 21. Bxe5 Qg5+ 22. Kh1 Qxe5 23. Qc2+ Kg8 $19) 20... Qg5+ 21. Kh1 Qxe5 22. Rae1 Qf4 (22... Qg5 $15 {keeps the upper hand.} 23. Qd1 (23. Rg1 $2 Qh4 $19) 23... Nf4) 23. Qxd5 $16 Qh4 24. Qf5 {[%csl Gd3][%cal Rf5h7]} ({Don't play} 24. Qxc5 $6 Qxh3+ 25. Kg1 Qg4+ 26. Kh2 Qh4+ 27. Kg1 Qg4+ 28. Kh2 Qh4+ 29. Kg1 Qg4+ $11) 24... Nf4 {[%cal Og7g6] [#] White must now prevent ...g6!} 25. Re4 $1 g5 {[%mdl 8192] [#] Black cannot hold the game after this.} 26. Re5 (26. Rxf4 $142 $1 {[%mdl 512]} Qh5 27. Re4) 26... Nxd3 27. Qxd3 Bd6 28. Re4 {[%cal Be5e4,Be4d4,Bd4d7,Bd7d8][%mdl 32]} ({Not} 28. Qxd6 Qxh3+ 29. Kg1 Qg4+ 30. Kh2 Qf4+ 31. Kg2 (31. Kh1 Qh4+ 32. Kg2 Qg4+ 33. Kh2 Qh4+ 34. Kg2 Qg4+ 35. Kh2 $11) 31... Qg4+ 32. Kh2 Qh4+ 33. Kg2 Qg4+ 34. Kh2 $11) 28... Qh6 29. Rg1 f5 30. Rd4 Bc7 (30... Rf6 31. Rd1 Bf8) 31. Rd7 $18 Be5 (31... Qc6+ $142 32. f3 Qh6 33. Qd5+ Kh8 34. Qd4+ Rf6) 32. Qd5+ Kh8 33. Qxe5+ Rf6 34. Rd8+ {White mates.} Kg7 35. Qe7+ Kg6 36. Qxf6+ {Weighted Error Value: White=0.45/Black=0.70} 1-0